000 nam a22 a 4500
999 _c2405
_d2405
005 20170516120543.0
008 170516b1978 - ||||| |||| 00| 0 eng d
020 _a0871502542
040 _aAKMAL
082 _a516.24 SWO
090 _a516.24
_bSWO
245 _aFUNDAMENTALS OF TRIGONOMETRY
_cEARL W. SWOKOWSKI
250 _a4th ed
260 _aUNITES STAETS OF AMERICA
_bPRINDLE, WEBER &SCHMIDT
_c1978
300 _a300pg,;
_c25 cm
942 _2ddc
_cBOOK